Statistiques concernant Footballeur par pays n°5

Cliquez ici pour prendre le quiz!

Statistiques générales

  • Ce quiz a été pris 226 fois
  • Le résultat moyen est 16 sur 18

Statistiques - réponses

joueurPays% Correct
Heungmin SonCorée du Sud
98%
David VillaEspagne
97%
Olivier GiroudFrance
97%
Harry KaneRoyaume-Uni
96%
PeleBresil
94%
James RodriguezColombie
94%
Paolo MaldiniItalie
94%
EusébioPortugal
94%
Manuel NeuerAllemagne
93%
Kevin De BruyneBelgique
93%
Diego CostaEspagne
87%
Aleksandar MitrovićSerbie
81%
Fakhreddine Ben YoussefTunisie
80%
Marcos AcuñaArgentine
79%
Jay-Jay OkochaNigeria
78%
Davor ŠukerCroatie
75%
Demba BaSenegal
68%
Szabolcs HusztiHongrie
66%

Distribution des résultats

Percentile par nombre de réponses

% des personnes avec chaque résultat

Votre développement - résultats

Vous n’avez pas pris ce quiz